Política y Derecho

Shranjeno v:
Bibliografske podrobnosti
Glavni avtor: Pereira Menaut, Antonio-Carlos (Author)
Format: Knjiga
Jezik:španščina
Izdano: Santiago Legal Publishing 2010
Izdaja:1a. ed
Teme:
Oznake: Označite
Brez oznak, prvi označite!

MARC

LEADER 00000cam a2200000 a 4500
001 UCG9069
003 CL-VaPUC
008 120120e20100700CL |||||||||||||||||spa|d
020 |a 9789562389037 
082 0 4 |a 321.01  |b PER  |2 21 
100 0 |a Pereira Menaut, Antonio-Carlos  |e author  |9 560451 
245 1 0 |a Política y Derecho 
250 |a 1a. ed 
300 |a 317 p 
942 |c BK 
945 |d 20120120 00:00:00  |a dcastane 
260 |a Santiago  |b Legal Publishing  |c 2010 
650 0 |a Estado  |9 255503 
650 0 |a Teoría del Estado  |9 255507 
650 7 |a POLITICA Y DERECHO  |2 CL-VaPUC  |9 411065 
650 0 |a Estado y sociedad  |9 345536 
583 |a last modification  |c 20120120 10:38:00  |k Rodrigo Vera 
999 |c 346644  |d 346642 
952 |0 0  |1 0  |4 0  |6 321_010000000000000_PER_2010  |7 0  |8 A  |9 447442  |a BIBDER  |b BIBDER  |d 2019-11-22  |i 4816552  |o 321.01 PER 2010  |p 4816552  |r 2023-01-25  |w 2019-11-22  |y BK  |k DER